| 000 | 00777na a2200265 4500 | ||
|---|---|---|---|
| 001 | 12731 | ||
| 003 | MIRAKIL | ||
| 005 | 20181213154854.0 | ||
| 008 | 160923b tu 000 0 | ||
| 020 | _a9789751952868 | ||
| 035 | _a12731 | ||
| 040 |
_aMilas _btur _cTR-AnCHP |
||
| 082 |
_a297.197 _bH96e 2012 |
||
| 090 | _a297.197 H96e 2012 | ||
| 245 | _aHz. Peygamber ve kardeşlik hukuku | ||
| 250 | _a2. bs. | ||
| 260 |
_aAnkara _bDiyanet İşleri Başkanlığı _c2012 |
||
| 300 |
_a127 s. _c19 sm. |
||
| 490 |
_aCep Kitapları _v101 |
||
| 490 |
_aDiyanet İşleri Başkanlığı yayınları _v866 |
||
| 650 |
_aİslam dini _xTutum ve davranışlar |
||
| 650 |
_aHz. Muhammed _xKardeşlik |
||
| 650 |
_aİslam dini _xKişiler Arası İlişkiler |
||
| 942 |
_2ddc _cBKS |
||
| 999 |
_c2353 _d2353 |
||